00545nam a2200145Ia 450000500170000000800410001708200150005810000640007324501120013726000090024930000140025894200120027299900190028495200960030320210429153911.0210429s9999 xx 000 0 und d a660 S1291R aRoa M. Junaid Sagheer, M. Yousuf Mehmood, Hira Usman955039 aRecovery of Calcium Chloride and water from distiller blow off (DBO) of ICI soda Ash Industry (UG-CHE-2016) c2016 a70p.30cm. 2ddccTH c561089d561089 00104070aSCMEbSCMEd0009-01-16l0o660 S1291RpSCME- TH-324r2021-04-29w2021-04-29yTH